Origen y transformación del Estado argentino en períodos de globalización /
Guardado en:
| Autor Principal: | |
|---|---|
| Otros Autores: | , |
| Formato: | Desconocido |
| Idioma: | Spanish |
| Publicado: |
Buenos Aires :
Biblios,
2003
|
| Edición: | 1a. ed. |
| Series: | Estudios sociales
|
| Materias: | |
| Etiquetas: |
Agregar Etiqueta
Sin Etiquetas, Sea el primero en etiquetar este registro!
|
| LEADER | 00676nac a22002055a 4500 | ||
|---|---|---|---|
| 001 | DER.der000887 | ||
| 008 | 180615s2003####ag#||||||||||||||#||spa|| | ||
| 005 | 20260206090030.0 | ||
| 245 | 1 | 0 | |a Origen y transformación del Estado argentino en períodos de globalización / |c Tulio Ortiz , María Laura Pardo, María Valentina Noblía |
| 250 | |a 1a. ed. | ||
| 260 | |a Buenos Aires : |b Biblios, |c 2003 | ||
| 440 | 0 | |a Estudios sociales | |
| 020 | |a 9507863494 | ||
| 100 | 1 | |a Ortiz, Tulio | |
| 700 | 1 | |a Pardo, María Laura | |
| 700 | 1 | |a Noblía, María Valentina | |
| 650 | 7 | |a ESTADO | |
| 650 | 7 | |a GLOBALIZACIÓN | |
| 650 | 7 | |a CIENCIAS POLÍTICAS | |
| 859 | |a DERECHO |b BIB. DERECHO |h 320.1 |i ORT |p 001507 | ||
